00450 2200181 4500001002100000005001500021008004100036035002000077082001000097084001600107100002100123245004700144250001000191260002700201300002000228990001000248990001000258INLIS00000000001249620180830130228180830| ||| | d a0010-08180002400 a540.1 a540.1 LUT i0 alUTFIePengarang10aIpa Kimia 1 :bSMP dan Mts Untuk Kelas VII aCet.1 aJakarta :bESIS,c2006 a91 Hlm ;c26 cm a11041 a17715